| 000 | 00460nam a2200157Ia 4500 | ||
|---|---|---|---|
| 008 | 220216s9999 xx 000 0 und d | ||
| 100 | _aMathew N.M. | ||
| 245 | 0 | _aScanning electron microscopy studies on flexing and tension fatigue failure of rubber | |
| 260 |
_bInternational Journal of Fatigue _c1983 |
||
| 300 | _a23-28 | ||
| 650 | _aFatigue failure | ||
| 650 | _aFlexing | ||
| 650 | _aScanning electron microscopy | ||
| 700 |
_aDe _BS.K. |
||
| 942 | _cBS | ||
| 999 |
_c50909 _d50909 |
||